000 01112nam a22002537a 4500
005 20170124103030.0
010 _a968768
020 _c30.00
035 _a968768
037 _bCen Lib/Ret
040 _aDPL
_bHN
082 _a
_bभटना
100 _aभटनागर, राजेन्द्र मोहन
_951681
245 _aएक अन्तहीन युद्ध :
_cराजेन्द्र मोहन भटनागर
_bसारगर्भित बेजोड़ ऐतिहासिक उपन्यास /
246 _aEk antheen youddh : saargarbhit bejod aitihasik upanyas /
_bby Rajendra Mohan Bhatnagar
260 _aदिल्ली
_bकिताबघर
_c1979
270 _bदिल्ली
_aमेन बाज़ार, गाँधी नगर
_e110032
300 _a200पृ.
_c21सेमी(सजिल्द)
650 _aहिन्दी साहित्य
_963502
650 _aउपन्यास
_963503
650 _aHindi literature
_963504
650 _aFiction
_98901
942 _2ddc
_cHN
_h
_mभटना
999 _c115841
_d115841